[Event "TCh-NOR 2006-7"]
[Site "Oslo NOR"]
[Date "2007.01.12"]
[Round "4"]
[White "Steedman,J"]
[Black "Stokke,K"]
[Result "0-1"]
[WhiteElo "2232"]
[BlackElo "2330"]

1.d4 Nf6 2.c4 g6 3.Nc3 Bg7 4.e4 O-O 5.Be2 d6 6.Nf3 e5 7.O-O Na6 8.Be3 Ng4
9.Bg5 Qe8 10.h3 h6 11.Bc1 exd4 12.Nxd4 Nf6 13.Bf3 Nh7 14.h4 Nf6 15.Re1 Qe5
16.Be3 h5 17.Ndb5 Ng4 18.Bxg4 Bxg4 19.f3 Be6 20.Qd2 Bxc4 21.Bd4 Qe6 22.Bxg7 Kxg7
23.Qd4+ f6 24.Na3 b5 25.b3 Qe5 26.Qxe5 dxe5 27.Nxc4 bxc4 28.bxc4 Nc5 29.Red1 Rfd8
30.Rd5 Ne6 31.Rb1 Rab8 32.Rxd8 Rxb1+ 33.Nxb1 Nxd8 34.Nc3 c6 35.Kf2 Ne6 36.Ke3 Kf7
37.g3 g5 38.Ne2 Ke7 39.Kd3 Kd6 40.Kc3 Nc5 41.Kd2 Ne6 42.Kc3 Nf8 43.Kb4 Ng6
44.c5+ Kd7 45.Ka5 gxh4 46.gxh4 Nxh4 47.Ng3 Nxf3 48.Nxh5 Nd2 49.Ng3 Kc7 50.Kb4 Kd7
51.Kc3 Nf3 52.Kb4 Nd4 53.Ka5 Ne6 54.Kb4 Nd4 55.Ka5 Ke6 56.Ka6 f5 57.Kxa7 fxe4
58.Kb6 e3 59.a4 Kd7 60.a5 Kc8 61.a6 Kb8 62.a7+ Ka8 63.Ka6 e2 64.Nxe2 Nxe2
65.Kb6 Nd4  0-1

[Event "TCh-FIN 2006-7"]
[Site "Jyvaskyla FIN"]
[Date "2007.01.13"]
[Round "6"]
[White "Maki Uuro,Mi"]
[Black "Franssila,T"]
[Result "1-0"]
[WhiteElo "2395"]
[BlackElo "2287"]

1.c4 Nf6 2.Nf3 g6 3.Nc3 Bg7 4.e4 d6 5.d4 O-O 6.Be2 e5 7.dxe5 dxe5 8.Qxd8 Rxd8
9.Nd5 Nxd5 10.cxd5 c6 11.Bc4 cxd5 12.Bxd5 Nc6 13.Bg5 Re8 14.O-O-O Bg4 15.Kb1 h6
16.Be3 Nd4 17.Bxd4 exd4 18.Bxb7 Rab8 19.Bd5 a5 20.Rd3 Be6 21.Bxe6 Rxe6 22.Re1 Rbe8
23.e5 f5 24.Rxd4 g5 25.Rd5 f4 26.Rxa5 Rd8 27.h3 Rb6 28.Rc5 Rdb8 29.Re2 Bf8
30.Rcc2 Re8 31.Nd4 Bg7 32.Rc6 Rb4 33.Ne6 Bh8 34.a3 f3 35.gxf3 Rh4 36.Re4 Rxh3
37.f4 Rf3 38.fxg5 hxg5 39.Nxg5 Rxf2 40.Rg6+ Kf8 41.Rh6 Kg8 42.Rg4 Rf1+ 43.Ka2 Bxe5
44.Re6 Rxe6 45.Nxe6+ Kf7 46.Nd8+ Kf6 47.Nc6 Bf4 48.Nb4 Ke6 49.Rg6+ Kf7 50.Rc6 Be3
51.Nd5 Bd4 52.Rc4 Rd1 53.Nc3 Rd2 54.Kb3 Ke6 55.Ka4 Be5 56.b4 Rd3 57.Kb3 Kd7
58.a4 Rh3 59.a5 Bg3 60.b5  1-0

[Event "TCh-FIN 2006-7"]
[Site "Vantaa FIN"]
[Date "2007.01.13"]
[Round "6"]
[White "Yrjola,J"]
[Black "Sepp,O"]
[Result "1/2-1/2"]
[WhiteElo "2383"]
[BlackElo "2458"]

1.d4 Nf6 2.c4 g6 3.Nc3 Bg7 4.e4 d6 5.Nf3 O-O 6.Be2 e5 7.O-O Na6 8.Be3 Ng4
9.Bg5 Qe8 10.c5 h6 11.Bh4 g5 12.Bg3 exd4 13.Nxd4 dxc5 14.Nb3 Ne5 15.Bxa6 bxa6
16.Nxc5 Rb8 17.b3 Qe7 18.Nd3 Ng6 19.Rc1  1/2-1/2

[Event "TCh-NOR 2006-7"]
[Site "Oslo NOR"]
[Date "2007.01.14"]
[Round "6"]
[White "Hole,O"]
[Black "Gullaksen,E"]
[Result "1/2-1/2"]
[WhiteElo "2410"]
[BlackElo "2412"]

1.Nf3 Nf6 2.c4 g6 3.Nc3 Bg7 4.e4 d6 5.d4 O-O 6.Be2 e5 7.O-O Nh5 8.Re1 Nf4
9.Bf1 Bg4 10.d5 Qf6 11.Re3 Na6 12.h3 Bd7 13.Kh2 Qe7 14.Re1 h6 15.Be3 g5 16.g3 Ng6
17.g4 Nf4 18.Ng1 h5 19.f3 c5 20.Nge2 h4 21.a3 b6 22.Qd2 Rfb8 23.Reb1 Rb7
24.b4 Rab8 25.Rb2 Qd8 26.Rab1 Bc8 27.Nd1 Bf6 28.Nec3 Nc7 29.Bf2 Ne8 30.Ne3 a6
31.Rb3 Qc7 32.a4 Qd7 33.R1b2 Bd8 34.Qc1 Nc7 35.Nf5 f6 36.Qb1 Ne8 37.a5 cxb4
38.Rxb4 bxa5 39.Rxb7 Rxb7 40.Rxb7 Bxb7 41.Qb3 Bc8 42.c5 Qa7 43.Na4 Bxf5 44.gxf5 Kh7
45.Be3 dxc5 46.Bxc5 Qc7 47.Bxa6 Be7 48.Qb5 Bxc5 49.Nxc5 Kg7 50.Qb7 Kf8 51.Qxc7 Nxc7
52.Bc4 Ne8 53.Nb7 Ke7 54.Nxa5 Kd6 55.Bb5 Ng7 56.Ba4 Nxd5 57.exd5 Nxf5 58.Bc6 Nd4
59.Kg2 Ne2 60.Nb7+ Kc7 61.Nc5 Nf4+ 62.Kh2 f5 63.Ba8 Kd6 64.Na4 Nxd5 65.Bxd5 Kxd5
66.Nb6+ Kd4 67.Nd7 e4 68.fxe4 Kxe4 69.Kg2  1/2-1/2

[Event "zt 3.3"]
[Site "Phu Quoc VIE"]
[Date "2007.01.14"]
[Round "5"]
[White "Gundavaa,B"]
[Black "Paragua,M"]
[Result "1-0"]
[WhiteElo "2256"]
[BlackElo "2573"]

1.d4 Nf6 2.c4 g6 3.Nc3 Bg7 4.e4 d6 5.Nf3 O-O 6.Be2 e5 7.O-O Na6 8.Be3 Ng4
9.Bg5 Qe8 10.h3 h6 11.Bh4 Nf6 12.Bxf6 Bxf6 13.c5 dxc5 14.Bxa6 bxa6 15.dxe5 Bd8
16.Nd5 c6 17.Ne3 Be6 18.Qc1 Rb8 19.b3 Qe7 20.Nd2 f6 21.exf6 Qxf6 22.Qxc5 Bc7
23.Ndc4 Bf4 24.Qxc6 Rbc8 25.Qxa6 Rxc4 26.bxc4 Bb8 27.Rab1 Qe5 28.Ng4  1-0

[Event "14th Western Class Ch."]
[Site "Agoura Hills USA"]
[Date "2007.01.15"]
[Round "6"]
[White "Yermolinsky,A"]
[Black "Matikozian,A"]
[Result "0-1"]
[WhiteElo "2520"]
[BlackElo "2470"]

1.d4 Nf6 2.c4 g6 3.Nc3 Bg7 4.e4 d6 5.Nf3 O-O 6.Be2 e5 7.O-O Na6 8.Re1 Qe8
9.Bg5 Bg4 10.Bxf6 Bxf6 11.d5 Qe7 12.Rb1 c5 13.dxc6 bxc6 14.Qa4 Qb7 15.b4 Nc7
16.b5 c5 17.Nd2 Bg5 18.Nb3 Bxe2 19.Rxe2 Ne6 20.Nd5 f5 21.Qa5 fxe4 22.Rxe4 Rf5
23.Qe1 Raf8 24.f3 Bf4 25.Rd1 Ng5 26.Re2 Qg7 27.Nd2 Ne6 28.Nf1 Nd4 29.Rf2 Kh8
30.Rd3 e4 31.Qxe4 Re5 32.Rxd4 cxd4 33.Qd3 Re1 34.Nxf4 Rxf4 35.g3 Rf8 36.Kg2 Rfe8
37.a4 Ra1  0-1

[Event "Open A"]
[Site "Prague CZE"]
[Date "2007.01.15"]
[Round "5"]
[White "Jacob,V"]
[Black "Manik,M"]
[Result "0-1"]
[WhiteElo "2270"]
[BlackElo "2463"]

1.d4 Nf6 2.c4 g6 3.Nc3 Bg7 4.e4 d6 5.Nf3 O-O 6.Be2 Na6 7.O-O e5 8.a3 exd4
9.Nxd4 Re8 10.f3 c6 11.Kh1 Nc5 12.b4 Nh5 13.Be3 Ne6 14.Nxe6 Bxe6 15.Rc1 f5
16.g4 fxg4 17.fxg4 Nf6 18.g5 Nd7 19.Qxd6 Bh3 20.Rfd1 Bxc3 21.Rxc3 Rxe4 22.c5 Qe8
23.Qg3 Bf5 24.Bc4+ Be6 25.Bxe6+ Qxe6 26.Rcd3 Rg4  0-1

[Event "Open A"]
[Site "Prague CZE"]
[Date "2007.01.16"]
[Round "7"]
[White "Jacob,V"]
[Black "Strasil,P"]
[Result "1/2-1/2"]
[WhiteElo "2270"]
[BlackElo "2165"]

1.d4 Nf6 2.c4 g6 3.Nc3 Bg7 4.e4 d6 5.Nf3 O-O 6.Be2 e5 7.O-O Nbd7 8.Qc2 exd4
9.Nxd4 Nc5 10.Be3 Ng4 11.Bxg4 Bxg4 12.f3 Bd7 13.Rad1 a5 14.Qd2 Re8 15.Kh1 b6
16.Bg5 f6 17.Be3 Rc8 18.Ndb5 Ne6 19.Nd5 Bxb5 20.cxb5 Nc5 21.Bd4 Ne6 22.Be3 Rf8
23.Qc2 Qd7 24.Rc1 Kh8 25.Qc6 Qf7 26.b3 f5 27.exf5 gxf5 28.f4 Rce8 29.Rfe1 Kg8
30.Qc4 h6 31.Bf2 Kh8 32.Re2 Nc5 33.Rce1 Ne4 34.Bd4 Rg8 35.g4 Bxd4 36.Qxd4+ Rg7
37.Rxe4 Rxe4 38.Rxe4 fxe4 39.f5 h5 40.h3 hxg4 41.hxg4 Kg8  1/2-1/2

[Event "5th Parsvnath Open"]
[Site "New Delhi IND"]
[Date "2007.01.17"]
[Round "4"]
[White "Rahman,Tai"]
[Black "Thipsay,P"]
[Result "0-1"]
[WhiteElo "2259"]
[BlackElo "2485"]

1.d4 g6 2.c4 Nf6 3.Nc3 Bg7 4.e4 d6 5.Nf3 O-O 6.Be2 e5 7.O-O Nbd7 8.Be3 c6
9.dxe5 dxe5 10.Qc2 Qe7 11.Rfd1 Ng4 12.Bg5 f6 13.Bd2 Nh6 14.b4 f5 15.c5 f4
16.Be1 g5 17.Nd2 g4 18.f3 Qg5 19.Nc4 Nf6 20.Nd6 gxf3 21.Bxf3 Bg4 22.Kh1 Rab8
23.Qf2 Be6 24.Rd2 Nhg4 25.Qh4 Qg6 26.h3 Ne3 27.Bf2 Bh6 28.Bxe3 Bg5 29.Qe1 fxe3
30.Re2 Kh8 31.Qg3 Qh6 32.Qxe5 Bxh3 33.Nf7+ Rxf7 34.Qxb8+ Ng8 35.Qh2 Rxf3
36.gxf3 Bf4 37.Rg1 Bxh2 38.Rxh2 Qf6 39.Rxh3 Qxc3 40.f4 Qd3  0-1

[Event "TCh-AUT 2006-7"]
[Site "Leoben AUT"]
[Date "2007.01.18"]
[Round "4"]
[White "Genser,H"]
[Black "Karner,C"]
[Result "0-1"]
[WhiteElo "2334"]
[BlackElo "2319"]

1.d4 Nf6 2.c4 g6 3.Nc3 Bg7 4.e4 d6 5.Nf3 O-O 6.Be2 e5 7.O-O Na6 8.Be3 c6
9.d5 Ng4 10.Bg5 f6 11.Bd2 c5 12.Ne1 Nh6 13.Nd3 Nf7 14.a3 f5 15.b4 b6 16.bxc5 Nxc5
17.Nxc5 dxc5 18.a4 Nd6 19.Bd3 Bd7 20.f3 Rb8 21.Qe2 f4 22.Rfb1 g5 23.a5 g4
24.axb6 axb6 25.Be1 Qg5 26.Na4 gxf3 27.Qxf3 Bg4 28.Qf2 f3 29.g3 Qg6 30.Nc3 Bh6
31.Rb2 Nf7 32.h4 Bh5 33.Rab1 Bg7 34.Bf1 Nh6 35.Bh3 Bg4 36.Qf1 Kh8 37.Bf2 Bxh3
38.Qxh3 Ng4 39.Bxc5 Bh6 40.Rxb6 Rxb6 41.Rxb6 Be3+ 42.Bxe3 Nxe3 43.Rxg6 f2+
44.Kh2 hxg6 45.c5 Ng4+ 46.Qxg4 f1=Q 47.Nd1 Ra8 48.Nc3 Ra1 49.Qc8+ Kh7 50.Qc7+ Kh6  0-1

[Event "ch-BLR"]
[Site "Minsk BLR"]
[Date "2007.01.18"]
[Round "9"]
[White "Podolchenko,E"]
[Black "Teterev,V"]
[Result "1/2-1/2"]
[WhiteElo "2429"]
[BlackElo "2516"]

1.d4 Nf6 2.c4 g6 3.Nc3 Bg7 4.e4 O-O 5.Nf3 d6 6.Be2 e5 7.O-O Na6 8.Re1 c6
9.Bf1 exd4 10.Nxd4 Re8 11.f3 d5 12.e5 dxc4 13.Bg5 Nc5 14.exf6 Rxe1 15.Qxe1 Qxd4+
16.Be3 Qxf6 17.Bxc5 Be6 18.Rd1 Qf5 19.Qf2 b6 20.Bd4 f6 21.g4 Qf4 22.Qe3 Qxe3+
23.Bxe3 Bf8 24.Kf2 Kf7 25.Ne4 Bd5 26.Nc3 Be6 27.Kg3 Be7 28.f4 f5 29.g5 b5
30.Bg2 Rc8 31.Ne2 c5 32.Bd5 Bxd5 33.Rxd5 Ke6 34.Rd1 Rc6 35.Kf3 b4 36.a3 a5
37.Bf2 Rd6 38.Rxd6+ Bxd6 39.Be3 Kd5 40.Bc1 Bf8 41.Bd2 Bg7 42.Nc3+ Kc6 43.a4 bxc3
44.bxc3 Kd5 45.Be1 h6 46.h4 h5 47.Bd2 Bf8 48.Be1 Bd6 49.Bd2 Bb8 50.Be1 Ba7
51.Bd2 Bb6 52.Be1 Ba7 53.Bd2 Bb8 54.Be1 Bc7 55.Bd2 Bd6 56.Be1 Be7 57.Bd2 Bf8
58.Be1 Bg7 59.Bd2 Bf8  1/2-1/2

[Event "5th Parsvnath Open"]
[Site "New Delhi IND"]
[Date "2007.01.18"]
[Round "6"]
[White "Kunte,A"]
[Black "Safin,S"]
[Result "0-1"]
[WhiteElo "2532"]
[BlackElo "2459"]

1.d4 Nf6 2.c4 g6 3.Nc3 Bg7 4.e4 d6 5.Nf3 O-O 6.Be2 e5 7.Be3 Qe8 8.dxe5 Ng4
9.Bg5 Nxe5 10.Nd5 Nxf3+ 11.Bxf3 Qe5 12.Bd2 Na6 13.Bc3 Qe6 14.O-O Bxc3 15.Nxc3 Qe5
16.Be2 Qg7 17.f4 Bd7 18.f5 Bc6 19.Qd2 Rfe8 20.f6 Qf8 21.Nd5 Bxd5 22.exd5 Nc5
23.Rae1 Re5 24.Bg4 Rae8 25.b4 Rxe1 26.Rxe1 Ne4 27.Qd4 Nxf6 28.Rxe8 Nxe8 29.Qxa7 Qe7
30.Qf2 Qe4 31.Bd7 Ng7 32.g3 Qxc4 33.Qa7 Nh5 34.Qxb7 Nf6 35.Bh3 Qd4+ 36.Kh1 Qa1+
37.Kg2 Qxa2+ 38.Kg1 Qa1+  0-1

[Event "TCh-AUT 2006-7"]
[Site "Leoben AUT"]
[Date "2007.01.19"]
[Round "5"]
[White "Schein,KH"]
[Black "Freitag,M"]
[Result "1/2-1/2"]
[WhiteElo "2241"]
[BlackElo "2402"]

1.d4 Nf6 2.c4 g6 3.Nc3 Bg7 4.e4 d6 5.Nf3 O-O 6.Be2 e5 7.d5 Na6 8.Bg5 h6 9.Bh4 g5
10.Bg3 Nh5 11.h4 Nxg3 12.fxg3 gxh4 13.Rxh4 f5 14.Qd2 Qf6 15.O-O-O Nc5 16.Rdh1 Nxe4
17.Nxe4 fxe4 18.Rxh6 Bxh6 19.Rxh6 Qg7 20.Nh4 Rf6 21.Rh5 Kf7 22.g4 Rf2 23.Qe3 Rxe2
24.Qxe2 Qxg4 25.Rh7+ Kg8 26.Qxg4+ Bxg4 27.Rh6 Kf7 28.Kd2 Rg8 29.Ke3 Bc8 30.Rh7+ Rg7
31.Rxg7+ Kxg7 32.Kxe4 Kf6 33.Nf3 Bg4 34.Nd2 Bf5+ 35.Ke3 Kg5 36.b4 b6 37.c5 b5
38.Kf3 Bd3 39.Ke3 Bc2 40.Kf3 Bd3 41.Ke3 Bc2 42.Kf3 Kf5 43.Ke3 Kg4 44.Nf1 Bg6
45.Nh2+ Kg3 46.Nf3 Bf5 47.Ng5 Kg4 48.Nf7 Bb1 49.cxd6 cxd6 50.a3 Ba2 51.Nxd6 Bxd5
52.Nxb5 a5 53.bxa5 Bxg2 54.a6 Kf5 55.a7 Ke6 56.a4 Kd7 57.a5 Ba8 58.Na3 Kc7
59.Nc4 Kb7 60.Nxe5 Kxa7 61.Kd4  1/2-1/2

[Event "Stone Flower A"]
[Site "Nizhnij Tagil RUS"]
[Date "2007.01.19"]
[Round "6"]
[White "Ovetchkin,R"]
[Black "Iskusnyh,S"]
[Result "1/2-1/2"]
[WhiteElo "2534"]
[BlackElo "2482"]

1.d4 Nf6 2.c4 g6 3.Nc3 Bg7 4.e4 d6 5.Be2 O-O 6.Nf3 e5 7.dxe5 dxe5 8.Qxd8 Rxd8
9.Bg5 Re8 10.Nd5 Nxd5 11.cxd5 c6 12.Bc4 b5 13.Bb3 Bb7 14.O-O-O a5  1/2-1/2

[Event "TCh-AUT 2006-7"]
[Site "Leoben AUT"]
[Date "2007.01.20"]
[Round "6"]
[White "Danner,G"]
[Black "Knoll,H"]
[Result "0-1"]
[WhiteElo "2421"]
[BlackElo "2409"]

1.d4 Nf6 2.Nf3 g6 3.c4 Bg7 4.Nc3 O-O 5.e4 d6 6.Be2 e5 7.d5 a5 8.O-O Na6 9.Qc2 Nh5
10.Ne1 Nf4 11.Bf3 f5 12.Be3 b6 13.exf5 Bxf5 14.Be4 Nc5 15.Bxf5 Rxf5 16.g3 Nh3+
17.Kg2 Qd7 18.f3 Raf8 19.Nd3 Nxd3 20.Qxd3 Rh5 21.Kh1 Rhf5 22.Kg2 h5 23.Ne4 R5f7
24.Rae1 Qf5 25.Qe2 Rd8 26.Bd2 Re8 27.Be3 Bf8 28.b3 Be7 29.Bd2 Bf8 30.Qd3 Kh7
31.Qe3 Be7 32.Qe2 Kg7 33.Be3 g5 34.Bd2 Ref8 35.g4 Qh7 36.gxh5 Qxh5 37.Qd3 Rh8
38.Rh1 Kf8 39.Ng3 Qh4 40.Qe4 Nf4+ 41.Kf2 g4 42.Ref1 Nh5 43.Ke3 Nf6 44.Qd3 gxf3
45.Rxf3 e4 46.Nxe4 Nxe4 47.Rhf1 Qg5+ 48.Ke2 Rxh2+ 49.Ke1 Qxd2+ 50.Qxd2 Bh4+
51.Kd1 Rxd2+ 52.Kc1 Rxf3 53.Rxf3+ Kg7  0-1

[Event "TCh-AUT 2006-7"]
[Site "Leoben AUT"]
[Date "2007.01.20"]
[Round "6"]
[White "Balinov,I"]
[Black "Weiss,C"]
[Result "1-0"]
[WhiteElo "2516"]
[BlackElo "2469"]

1.d4 Nf6 2.c4 g6 3.Nc3 Bg7 4.e4 d6 5.Nf3 O-O 6.Be2 e5 7.Be3 exd4 8.Nxd4 Re8
9.f3 Nc6 10.Qd2 Nxd4 11.Bxd4 Be6 12.O-O Nd7 13.Be3 Kh8 14.Rfe1 a5 15.Nb5 b6
16.Rad1 Nc5 17.Bd4 Bd7 18.Bf1 Bxb5 19.cxb5 g5 20.Be3 h6 21.Bc4 Qf6 22.Re2 Re7
23.Qe1 Qg6 24.Qg3 Qh5 25.h3 Be5 26.Qg4 Qg6 27.h4 f6 28.h5 Qh7 29.g3 Rf8 30.Kg2 f5
31.exf5 Bxb2 32.Bd4+ Bxd4 33.Qxd4+ Re5 34.Rxe5 dxe5 35.Qxe5+ Qg7 36.Re1 Qxe5
37.Rxe5 Kg7 38.Re7+ Kf6 39.Rxc7 Kxf5 40.Bf7 Ke5 41.Bg6 Ne6 42.Re7 Kd6 43.Rh7 Nd4
44.Rxh6 Ke5 45.Rh7 Nxf3 46.Kh3 Kf6 47.Rb7 Ne5 48.Rxb6+ Ke7 49.Be4 Rh8 50.g4 Rc8
51.Re6+  1-0

[Event "ch-GER"]
[Site "Koenigshofen GER"]
[Date "2007.01.21"]
[Round "3"]
[White "Henrichs,T"]
[Black "Kachiani,K"]
[Result "1/2-1/2"]
[WhiteElo "2483"]
[BlackElo "2374"]

1.d4 Nf6 2.c4 g6 3.Nc3 Bg7 4.e4 d6 5.Nf3 O-O 6.Be2 e5 7.O-O Na6 8.Be3 c6
9.d5 Ng4 10.Bg5 f6 11.Bh4 c5 12.Ne1 Nh6 13.a3 Bd7 14.Rb1 Nc7 15.b4 b6 16.Nd3 Qc8
17.Qd2 Nf7 18.bxc5 bxc5 19.Rb3 f5 20.exf5 Bxf5 21.Ne1 e4 22.Nc2 Rb8 23.Rfb1 e3
24.fxe3 Rxb3 25.Rxb3 Bh6 26.Bg3 Bxc2 27.Qxc2 Bxe3+ 28.Kh1 Bd4 29.Ne4 Ne8
30.h3 Ne5 31.Qb1  1/2-1/2

[Event "Open"]
[Site "Marianske Lazne CZE"]
[Date "2007.01.21"]
[Round "2"]
[White "Kozak,Mi"]
[Black "Andreev,Pe"]
[Result "1/2-1/2"]
[WhiteElo "2244"]
[BlackElo "2069"]

1.Nf3 Nf6 2.c4 g6 3.Nc3 d6 4.d4 Bg7 5.e4 O-O 6.Be2 e5 7.Be3 Nc6 8.d5 Ne7
9.Nd2 Ne8 10.b4 f5 11.f3 Nf6 12.c5 Qd7 13.Nc4 fxe4 14.fxe4 Ng4 15.Bxg4 Qxg4
16.Qxg4 Bxg4 17.h3 Bd7 18.cxd6 cxd6 19.Nxd6 b6 20.Kd2 h6 21.Rhf1 g5 22.Ncb5 Ng6
23.Rac1 Nf4 24.Rf2 Rf6 25.Rc7 a6 26.Rxd7 axb5 27.Kd1 Bf8 28.Nxb5 Bxb4  1/2-1/2

[Event "Open"]
[Site "Marianske Lazne CZE"]
[Date "2007.01.21"]
[Round "2"]
[White "Roos,T"]
[Black "Dergatchov,A"]
[Result "1/2-1/2"]
[WhiteElo "2249"]
[BlackElo "2073"]

1.d4 d6 2.c4 Nd7 3.Nf3 e5 4.e4 g6 5.Nc3 Bg7 6.Be2 Ngf6 7.O-O O-O 8.Qc2 exd4
9.Nxd4 Nc5 10.Rd1 Ng4 11.f3 Ne5 12.Be3 Bd7 13.Qd2 Ne6 14.Nc2 a6 15.f4 Nc6
16.c5 g5 17.f5 Nf4 18.Bxf4 gxf4 19.cxd6 cxd6 20.Nd5 Be5 21.Rf1 Rc8 22.Nxf4 Qb6+
23.Kh1 Qxb2 24.Nd5 Nd4 25.Ne7+ Kh8 26.Nxc8 Rxc8 27.Bd3 Nxc2 28.Rac1 Nb4 29.Rxc8+ Bxc8
30.Qg5 Bf6 31.Qh6 Bg7 32.Qg5 Qf6 33.Qc1 Bd7 34.Qc7 Qe7 35.Bc4 b5 36.Bb3 Bf6
37.Rd1 Bc6 38.Qxd6 Qxd6 39.Rxd6  1/2-1/2

[Event "ch-GER"]
[Site "Koenigshofen GER"]
[Date "2007.01.22"]
[Round "4"]
[White "Tabatt,H"]
[Black "Heinig,Wo"]
[Result "0-1"]
[WhiteElo "2228"]
[BlackElo "2364"]

1.Nf3 Nf6 2.c4 g6 3.Nc3 Bg7 4.e4 d6 5.d4 O-O 6.Be2 e5 7.Be3 exd4 8.Nxd4 Re8
9.f3 c6 10.O-O d5 11.cxd5 cxd5 12.Nb3 Nc6 13.Qe1 Nb4 14.Qc1 dxe4 15.Rd1 Qc7
16.Bc5 Nd3 17.Bxd3 exd3 18.Nb5 Qe5 19.Rxd3 Qe2 20.Qd1 Bf5 21.Qxe2 Rxe2 22.Rd2 Rxd2
23.Nxd2 Bd3 24.Nc3 b6 25.Be3 Rd8 26.Rc1 h6 27.Kf2 Rd7 28.Nf1 Bc4 29.b3 Be6
30.Ne2 Nd5 31.Bd4 Nb4 32.Rc8+ Kh7 33.Bxg7 Kxg7 34.Nc1 Rd1 35.Ke2 Rxf1 36.Nd3 Bxc8  0-1

[Event "SDZ Open"]
[Site "Solin CRO"]
[Date "2007.01.22"]
[Round "3"]
[White "Matas,M"]
[Black "Armanda,I"]
[Result "0-1"]
[WhiteElo "2053"]
[BlackElo "2335"]

1.d4 Nf6 2.c4 g6 3.Nc3 Bg7 4.e4 d6 5.Nf3 O-O 6.Be2 Na6 7.O-O e5 8.dxe5 dxe5
9.Bg5 Qe8 10.Bxf6 Bxf6 11.Nd5 Bd8 12.Re1 c6 13.Nc3 f5 14.exf5 gxf5 15.Bf1 e4
16.Nd2 Qg6 17.Ndxe4 fxe4 18.Nxe4 Bf5 19.f3 Ba5 20.Re2 Rad8 21.Qa4 Bb6+ 22.c5 Nxc5
23.Nxc5 Bxc5+ 24.Kh1 Qd6 25.Qb3+ Qd5 26.Rc1 Qxb3 27.axb3 b6 28.Re5 Rde8 29.Bc4+ Kg7
30.Rce1 Rxe5 31.Rxe5 Bg6 32.Re1 Re8 33.Rd1 Bc2 34.Rc1 Re3  0-1

[Event "ch-EST"]
[Site "Tallinn EST"]
[Date "2007.01.22"]
[Round "4"]
[White "Soot,M"]
[Black "Shvyrjov,I"]
[Result "0-1"]
[WhiteElo "2096"]
[BlackElo "2412"]

1.d4 Nf6 2.c4 g6 3.Nc3 Bg7 4.Nf3 O-O 5.e4 d6 6.Be2 Na6 7.O-O e5 8.dxe5 dxe5
9.Qc2 Qe8 10.Nd5 Nd7 11.c5 c6 12.Bxa6 cxd5 13.Bb5 dxe4 14.Ng5 Qe7 15.Nxe4 h6
16.Rd1 Nb8 17.Nd6 Bg4 18.f3 Be6 19.Be3 Nc6 20.Bc4 Bxc4 21.Qxc4 Kh7 22.Rac1 a5
23.b3 f5 24.Qb5 Rab8 25.Nc4 e4 26.fxe4 f4 27.Bf2 f3 28.Nb6 Nd4 29.Rxd4 Qg5
30.Qf1 Bxd4 31.Bxd4 f2+ 32.Bxf2 Rxf2 33.Qxf2 Qxc1+ 34.Qf1 Qxc5+ 35.Qf2 Qc1+
36.Qf1 Qe3+ 37.Qf2 Qxe4 38.h3 Qf5 39.Qd4 Rf8 40.Nd5 Rf7 41.Kh2 h5 42.h4 b5
43.a3 Qf2 44.Qe4 Qf1 45.Qd4 Qf5 46.b4 a4 47.Kg1 Qe6 48.Kh1 Rf1+ 49.Kh2 Qd6+  0-1

[Event "SDZ Open"]
[Site "Solin CRO"]
[Date "2007.01.24"]
[Round "5"]
[White "Bilobrk,F"]
[Black "Ljubicic,F"]
[Result "0-1"]
[WhiteElo "2384"]
[BlackElo "2398"]

1.d4 Nf6 2.Nf3 g6 3.c4 Bg7 4.Nc3 d6 5.e4 O-O 6.Be2 e5 7.O-O Na6 8.Be3 c6
9.d5 Ng4 10.Bg5 f6 11.Bh4 Nh6 12.c5 Nxc5 13.b4 Nd7 14.dxc6 Nb6 15.a4 g5 16.a5 gxh4
17.axb6 bxc6 18.bxa7 f5 19.b5 fxe4 20.Nd2 h3 21.g3 e3 22.fxe3 Nf5 23.Qb3+ d5
24.b6 Bb7 25.Ba6 Nd6 26.Rxf8+ Bxf8 27.Nce4 Nxe4 28.Nxe4 Qc8 29.Bxb7 Qxb7
30.Rb1 Kh8 31.Ng5 Bh6 32.Nf7+ Qxf7 33.Rf1 Qb7 34.Qc3 Qxb6 35.Qxe5+ Bg7  0-1

[Event "SDZ Open"]
[Site "Solin CRO"]
[Date "2007.01.24"]
[Round "5"]
[White "Knezevic,Ig"]
[Black "Susovic,H"]
[Result "1-0"]
[WhiteElo "2176"]
[BlackElo "2043"]

1.d4 Nf6 2.c4 g6 3.Nc3 Bg7 4.e4 O-O 5.Nf3 d6 6.Be2 Nbd7 7.O-O e5 8.Be3 h6
9.Ne1 Re8 10.d5 a5 11.Nd3 b6 12.b3 Nc5 13.f3 Nh5 14.Rc1 Rf8 15.Qd2 g5 16.g3 Qe7
17.Nf2 Bd7 18.Bd1 Bh8 19.Kh1 Ng7 20.g4 Ne8 21.Kg2 Bg7 22.Nh1 f6 23.Ng3 Kf7
24.Bc2 Rh8 25.Ra1 Bf8 26.a3 Ng7 27.b4 Nb7 28.Qd1 h5 29.h3 Qd8 30.Bb3 Be7
31.Qd2 Qc8 32.Nf5 hxg4 33.fxg4 Nxf5 34.exf5 Rh7 35.Ne4 axb4 36.axb4 Rxa1
37.Rxa1 Kg7 38.Qf2 Rh6 39.Ba4 c6 40.Bxb6 cxd5 41.Bxd7 Qxd7 42.cxd5 Qb5 43.Ra7 Qxd5
44.Qf3 Kf8 45.Nf2 Qxf3+ 46.Kxf3 Nd8 47.b5 d5 48.Rd7 Ke8 49.Rxd5 Nb7 50.Kg2 Nd6
51.Bc7 Nb7 52.Ne4 Rh7 53.b6 Rf7 54.Kf3 Bb4 55.Ke2 Be7 56.Kf3 Rh7 57.Kg2 Rh6
58.Rd1 Rh7 59.Ra1 Kd7 60.Rd1+ Kc6 61.Rd3 Rf7 62.Kg3 Bb4 63.Kg2 Bf8 64.h4 gxh4
65.Kh3 Bb4 66.Kxh4 Rh7+ 67.Kg3 Be1+ 68.Kg2 Rf7 69.Nd6 Rg7 70.Nxb7 Kxb7 71.Kf3 Ba5
72.Rd6 Rf7 73.Bd8 Bc3 74.Ke4 Rg7 75.Kd5 Rxg4 76.Rd7+ Ka6 77.Ra7+ Kb5 78.b7 Rd4+
79.Ke6 Rxd8 80.Ra8 Kb6 81.Rxd8 Kxb7 82.Kxf6 e4+ 83.Kg6 e3 84.Re8  1-0

[Event "ch-EST"]
[Site "Tallinn EST"]
[Date "2007.01.24"]
[Round "6"]
[White "Seeman,T"]
[Black "Sepp,O"]
[Result "1/2-1/2"]
[WhiteElo "2425"]
[BlackElo "2458"]

1.Nf3 Nf6 2.c4 g6 3.Nc3 Bg7 4.d4 O-O 5.e4 d6 6.Be2 e5 7.dxe5 dxe5 8.Qxd8 Rxd8
9.Nd5 Nxd5 10.cxd5 c6 11.Bc4 b5 12.Bb3 Bb7 13.dxc6 Nxc6 14.Bd5  1/2-1/2

[Event "ch-GER"]
[Site "Koenigshofen GER"]
[Date "2007.01.26"]
[Round "8"]
[White "Gustafsson,J"]
[Black "Enders,P"]
[Result "1-0"]
[WhiteElo "2584"]
[BlackElo "2433"]

1.Nf3 Nf6 2.c4 g6 3.Nc3 Bg7 4.e4 d6 5.d4 O-O 6.Be2 e5 7.Be3 Ng4 8.Bg5 f6
9.Bc1 f5 10.Bg5 Qe8 11.dxe5 dxe5 12.exf5 Bxf5 13.Nd5 Rf7 14.h3 Nf6 15.Nxf6+ Bxf6
16.Bxf6 Rxf6 17.Qd5+ Kf8 18.Qxe5 Nd7 19.Qc3 Kg8 20.Rd1 Ra6 21.Nd4 Rxa2 22.O-O Nc5
23.Rfe1 Na4 24.Qa5 Rd8 25.Nxf5 gxf5 26.Bh5  1-0

[Event "12th HIT Open A"]
[Site "Nova Gorica SLO"]
[Date "2007.01.26"]
[Round "1"]
[White "Kozul,Z"]
[Black "Skoberne,J"]
[Result "1/2-1/2"]
[WhiteElo "2616"]
[BlackElo "2436"]

1.d4 d6 2.Nf3 Nf6 3.c4 g6 4.Nc3 Bg7 5.e4 O-O 6.Be2 e5 7.O-O Na6 8.Re1 exd4
9.Nxd4 c6 10.Bf1 Ng4 11.h3 Qb6 12.hxg4 Qxd4 13.g5 Qxd1 14.Rxd1 Nc5 15.f3 Be5
16.Rb1 a5 17.Ne2 Be6 18.b3 Rfd8 19.Be3 Rd7 20.Rd2 Bg7 21.Rbd1 Rad8 22.Nd4 Bf8
23.Nxe6 Nxe6 24.g3 d5 25.cxd5 cxd5 26.Rxd5 Rxd5 27.Rxd5 Rxd5 28.exd5 Nc7
29.Bb6 Nxd5 30.Bxa5 Bc5+ 31.Kh2 Nb4 32.Bd8 Nxa2 33.f4 Nb4 34.Bg2 Nc6 35.Bf6 Bd4
36.Bd5 h6 37.Bxd4 Nxd4 38.gxh6 Kh7 39.Bxf7 Kxh6 40.Kh3 g5 41.Kg4 gxf4 42.Kxf4 b6
43.Bc4 Kh5 44.g4+ Kg6 45.Ke4 Nc6 46.Bd5 Nb4 47.Kd4 Kg5 48.Be6 Nc6+ 49.Kd5 Nb8
50.Bf5 Kf4 51.b4 Na6 52.b5 Nc5 53.Kc6 Na4 54.Be6 Kg5 55.Kd6 Nc3 56.Kc6 Na4
57.Kd5 Kf6 58.Bf5 Kg5 59.Kd4 Nc5 60.Ke3 Nb7 61.Kf3 Nd6 62.Bd3 Ne8 63.Bc4 Nd6
64.Be2 Ne8 65.Ke3 Nd6 66.Kd4 Nxb5+ 67.Bxb5  1/2-1/2

[Event "12th HIT Open A"]
[Site "Nova Gorica SLO"]
[Date "2007.01.26"]
[Round "1"]
[White "Stajner,S"]
[Black "Tratar,M"]
[Result "0-1"]
[WhiteElo "2212"]
[BlackElo "2478"]

1.d4 d6 2.Nf3 Nf6 3.c4 g6 4.Nc3 Bg7 5.e4 O-O 6.Be2 e5 7.O-O c6 8.Bg5 h6 9.Bh4 Nbd7
10.d5 g5 11.Bg3 Nc5 12.Nd2 a5 13.b3 Bd7 14.a3 cxd5 15.cxd5 b5 16.b4 axb4
17.axb4 Na4 18.Nxa4 Rxa4 19.Rxa4 bxa4 20.b5 Qa5 21.Nc4 Qb4 22.f3 Bxb5 23.Qb1 Qxb1
24.Rxb1 Bxc4 25.Bxc4 Rc8 26.Bb5 Rb8 27.Bd3 Ra8 28.Ra1 Nxd5 29.Bc2 Nb4 30.Rxa4 Rb8
31.Bb3 Nd3 32.Bc2 Nb4 33.Bb3 Nd3 34.Bc2 Nc5 35.Ra1 Rb2 36.Rc1 Bf6 37.Bf2 Nb3
38.Bxb3 Rxb3 39.Rd1 h5 40.h3 Be7 41.Kh2 Kg7 42.Ra1 Kf6 43.Ra7 Ke6 44.Kg1 g4
45.hxg4 hxg4 46.fxg4 Rb4 47.Kh2 Rxe4 48.Kg3 Bg5 49.Ra3 Rc4 50.Be3 Bxe3 51.Rxe3 d5
52.Ra3 d4 53.Ra6+ Kd5 54.Rf6 Rc3+ 55.Kf2 Rc2+ 56.Kg3 Rc7 57.Kf3 e4+ 58.Ke2 Rc2+
59.Kf1 d3 60.Rxf7 e3 61.Rd7+ Ke4  0-1

[Event "SDZ Open"]
[Site "Solin CRO"]
[Date "2007.01.26"]
[Round "7"]
[White "Miskovic,Bo"]
[Black "Armanda,I"]
[Result "0-1"]
[WhiteElo "2066"]
[BlackElo "2335"]

1.d4 Nf6 2.c4 g6 3.Nc3 Bg7 4.e4 d6 5.Nf3 O-O 6.Be2 e5 7.d5 a5 8.O-O Na6 9.Bg5 Qe8
10.Nd2 h5 11.a3 Bd7 12.f3 Nh7 13.Be3 a4 14.Nb5 f5 15.Qxa4 f4 16.Bf2 g5 17.Qc2 g4
18.Nc3 Qg6 19.Rfb1 Bh6 20.Nf1 Ng5 21.fxg4 hxg4 22.Bd3 Rf7 23.b4 Raf8 24.Bh4 g3
25.Bxg5 Qxg5 26.Nd2 f3 27.Nxf3 Rxf3 28.gxf3 Qe3+ 29.Kh1 Qxf3+ 30.Qg2 Qxd3
31.Qxg3+ Qxg3 32.hxg3 Bg4 33.Rf1 Bf3+ 34.Kh2 Kg7 35.Nd1 Bg5 36.Kg1 Bxe4 37.Rxf8 Kxf8
38.Kf2 Bd3 39.Nb2 Bc2 40.Ke2 e4 41.Rf1+ Kg7 42.Rf2 Bc1 43.Ke1 Bxb2 44.Rxc2 Bxa3
45.b5 Nc5 46.Ke2 Kf6 47.Ke3 Ke5 48.g4 Nd3 49.Rh2 Bc5+ 50.Kd2 Nf4 51.Rh7 Kd4
52.Rf7 e3+ 53.Kc2 Nd3 54.Kd1 Ne5 55.Re7 Kd3  0-1

[Event "GM"]
[Site "Geneve SUI"]
[Date "2007.01.27"]
[Round "8"]
[White "Huss,A"]
[Black "Gerber,R"]
[Result "0-1"]
[WhiteElo "2342"]
[BlackElo "2382"]

1.d4 Nf6 2.Nf3 g6 3.c4 Bg7 4.Nc3 O-O 5.e4 d6 6.Be2 e5 7.d5 Na6 8.Nd2 h5 9.Rb1 c5
10.a3 h4 11.O-O Nh7 12.b4 f5 13.Nb3 b6 14.bxc5 bxc5 15.Bd2 Rf7 16.Kh1 Qf8
17.h3 Nc7 18.Na5 Ne8 19.f3 Nef6 20.Be1 Nh5 21.Bxh4 Bf6 22.Bf2 Qh6 23.Nb5 Ng5
24.Rg1 Nf4 25.h4 Nxe4 26.fxe4 Bxh4 27.Bh5 Bxf2 28.g4 fxg4  0-1